[Event "Copenhagen Obro CXU New Year op"]
[Site "Copenhagen"]
[Date "2024.12.30"]
[Round "7"]
[White "Andries, Leia"]
[Black "Boje, Tobias Rosholm"]
[Result "0-1"]
[WhiteElo "1914"]
[BlackElo "2027"]
[PlyCount "82"]
[EventDate "2024.12.27"]
[EventType "swiss"]
[EventRounds "7"]
[EventCountry "DEN"]
[SourceTitle "CB01_2025"]
[SourceDate "2025.01.01"]
[SourceVersion "1"]
[SourceVersionDate "2025.01.01"]
[SourceQuality "1"]

1. e4 c5 2. c3 d5 3. exd5 Qxd5 4. d4 Nf6 5. Nf3 Bg4 6. Nbd2 e6 7. Be2 Nc6 8. Nb3 cxd4 9. Nbxd4 Nxd4 10. Qxd4 Qxd4 11. Nxd4 Bxe2 12. Kxe2 0-0-0 13. Bg5 Be7 14. Rad1 Rd5 15. Nf3 Rhd8 16. Rxd5 Rxd5 17. Rd1 Rxd1 18. Kxd1 h6 19. Be3 Nd7 20. b4 a6 21. a4 Kc7 22. a5 e5 23. Kc2 f5 24. Kb3 g5 25. h3 Bf6 26. Bc1 e4 27. Nd2 Ne5 28. Nc4 f4 29. Nb2 Kc6 30. Bd2 Ng6 31. Nc4 Nh4 32. g3 Nf3 33. gxf4 gxf4 34. Bxf4 Ng1 35. Bxh6 Nxh3 36. Be3 Kd5 37. Nb6+ Ke6 38. c4 Bh4 39. Kc3 Nxf2 40. Kd4 Bf6+ 41. Kc5 Nd3# 0-1

[Event "Copenhagen Obro CXU New Year op"]
[Site "Copenhagen"]
[Date "2024.12.27"]
[Round "2"]
[White "Boje, Tobias Rosholm"]
[Black "Peitersen, Andreas"]
[Result "1-0"]
[WhiteElo "2027"]
[BlackElo "1841"]
[PlyCount "107"]
[EventDate "2024.12.27"]
[EventType "swiss"]
[EventRounds "7"]
[EventCountry "DEN"]
[SourceTitle "CB01_2025"]
[SourceDate "2025.01.01"]
[SourceVersion "1"]
[SourceVersionDate "2025.01.01"]
[SourceQuality "1"]

1. e4 c5 2. Nf3 Nc6 3. Bb5 g6 4. 0-0 Bg7 5. Re1 Qb6 6. Na3 Nd4 7. Nxd4 cxd4 8. d3 Nf6 9. Qf3 0-0 10. e5 Ne8 11. Bc4 Nc7 12. Bb3 Qc5 13. Bf4 Ne6 14. Bg3 Rb8 15. Qd5 Qxd5 16. Bxd5 b5 17. f3 b4 18. Nc4 Bb7 19. Bxb7 Rxb7 20. Bf2 Rd8 21. g3 d5 22. Na5 Rc7 23. Re2 Rdc8 24. Rc1 Nc5 25. Rd1 Na4 26. Bxd4 Rxc2 27. Rdd2 Rc1+ 28. Kg2 Nb6 29. Bxb6 axb6 30. Nb3 R1c7 31. Nd4 Ra8 32. b3 e6 33. f4 Bf8 34. Rc2 Rac8 35. Rxc7 Rxc7 36. Rc2 Rc5 37. Kf3 Kg7 38. Ke3 Be7 39. Kd2 Kf8 40. Nc6 Ke8 41. Nxb4 Rxc2+ 42. Nxc2 g5 43. Kc3 gxf4 44. gxf4 Kf8 45. a4 Kg7 46. b4 Kg6 47. Nd4 Bd8 48. Nc6 Bc7 49. Kd4 Kf5 50. Ke3 Kg4 51. a5 bxa5 52. bxa5 Kh3 53. a6 Bb6+ 54. Kf3 1-0

[Event "DEN-ch sf2"]
[Site "Svendborg"]
[Date "2024.03.29"]
[Round "6"]
[White "Boje, Tobias Rosholm"]
[Black "Ramsdal, Mikkel"]
[Result "1-0"]
[WhiteElo "2018"]
[BlackElo "1882"]
[PlyCount "71"]
[EventDate "2024.03.29"]
[EventType "swiss"]
[EventRounds "7"]
[EventCountry "DEN"]
[SourceTitle "CBM 219 Extra"]
[Source "ChessBase"]
[SourceDate "2024.05.31"]
[SourceVersion "1"]
[SourceVersionDate "2024.05.31"]
[SourceQuality "1"]

1. e4 c5 2. Nc3 d6 3. g3 g6 4. Bg2 Bg7 5. d3 e6 6. Be3 Nc6 7. Qd2 Nge7 8. Bh6 0-0 9. h4 Ne5 10. Bxg7 Kxg7 11. h5 Ng8 12. 0-0-0 Bd7 13. d4 cxd4 14. Qxd4 Qg5+ 15. Kb1 Nf6 16. f4 Qxg3 17. fxe5 dxe5 18. Qd2 Bc6 19. Rh3 Qf4 20. h6+ Kg8 21. Qe2 Rad8 22. Rf1 Qg5 23. Nf3 Qf4 24. Rh4 Qg3 25. Rfh1 Ng4 26. R1h3 Qf4 27. Ne1 Qd2 28. Qxd2 Rxd2 29. Rxg4 Rfd8 30. Rd3 R8xd3 31. cxd3 b5 32. Kc1 Rf2 33. Rg3 b4 34. Nd1 Rf6 35. Rf3 Rxf3 36. Nxf3 1-0

[Event "DEN-ch sf2"]
[Site "Svendborg"]
[Date "2024.03.29"]
[Round "5"]
[White "Loveid, Erik"]
[Black "Boje, Tobias Rosholm"]
[Result "1/2-1/2"]
[WhiteElo "1975"]
[BlackElo "2018"]
[PlyCount "87"]
[EventDate "2024.03.29"]
[EventType "swiss"]
[EventRounds "7"]
[EventCountry "DEN"]
[SourceTitle "CBM 219 Extra"]
[Source "ChessBase"]
[SourceDate "2024.05.31"]
[SourceVersion "1"]
[SourceVersionDate "2024.05.31"]
[SourceQuality "1"]

1. d4 d5 2. c4 e6 3. Nc3 Nf6 4. cxd5 exd5 5. Bg5 Nbd7 6. e3 Be7 7. Bd3 c6 8. Qc2 0-0 9. Nge2 Re8 10. 0-0 Nf8 11. Rad1 Ng4 12. Bxe7 Qxe7 13. h3 Nf6 14. Na4 Ne6 15. Nc5 Ng5 16. Bf5 Bxf5 17. Qxf5 Nge4 18. Nxe4 Nxe4 19. Nc3 g6 20. Qf4 Nxc3 21. bxc3 Qa3 22. Rb1 Re7 23. Rb3 Qxa2 24. Rfb1 b5 25. Qd6 Re6 26. Qc5 Qc2 27. R3b2 Qd3 28. Ra1 a5 29. Rba2 a4 30. Qb4 Rae8 31. Qc5 Qf5 32. Rd1 Qg5 33. c4 Qh5 34. Rad2 bxc4 35. Ra1 Ra8 36. Qb4 Qf5 37. Rxa4 Rxa4 38. Qxa4 Qb1+ 39. Kh2 Qb8+ 40. Kg1 Qb5 41. Qa1 Qb7 42. Rb2 Qc8 43. Qa7 Re8 44. Rb7 1/2-1/2

[Event "Politiken Cup 32nd"]
[Site "Copenhagen"]
[Date "2010.08.06"]
[Round "8"]
[White "Boje, Tobias Rosholm"]
[Black "Andersen, Claus Nis"]
[Result "1-0"]
[WhiteElo "2028"]
[BlackElo "1839"]
[PlyCount "41"]
[EventDate "2010.07.31"]
[EventType "swiss"]
[EventRounds "10"]
[EventCountry "DEN"]
[SourceTitle "CBM 137 Extra"]
[Source "ChessBase"]
[SourceDate "2010.09.01"]
[SourceVersion "1"]
[SourceVersionDate "2010.09.01"]
[SourceQuality "1"]

1. e4 e5 2. Nf3 Nf6 3. Nxe5 d6 4. Nf3 Nxe4 5. Nc3 Nxc3 6. dxc3 Be7 7. Bf4 Nc6 8. Qd2 Be6 9. 0-0-0 Qd7 10. Kb1 0-0 11. h4 a6 12. Bd3 f6 13. h5 Bf5 14. Be2 Rad8 15. Nh4 Be6 16. g4 Ne5 17. Bxe5 dxe5 18. Qxd7 Rxd7 19. Rxd7 Bxd7 20. Bc4+ Kh8 21. Ng6+ 1-0

[Event "Politiken Cup 32nd"]
[Site "Copenhagen"]
[Date "2010.08.03"]
[Round "5"]
[White "Sjol, Henrik"]
[Black "Boje, Tobias Rosholm"]
[Result "1/2-1/2"]
[WhiteElo "1849"]
[BlackElo "2028"]
[PlyCount "35"]
[EventDate "2010.07.31"]
[EventType "swiss"]
[EventRounds "10"]
[EventCountry "DEN"]
[SourceTitle "CBM 137 Extra"]
[Source "ChessBase"]
[SourceDate "2010.09.01"]
[SourceVersion "1"]
[SourceVersionDate "2010.09.01"]
[SourceQuality "1"]

1. d4 d5 2. Nf3 Nf6 3. e3 e6 4. Bd3 c5 5. c3 Nc6 6. Nbd2 Bd6 7. 0-0 0-0 8. dxc5 Bxc5 9. e4 Qc7 10. Qe2 Ne5 11. Nxe5 Qxe5 12. Nf3 Qh5 13. e5 Nd7 14. Re1 f6 15. exf6 Nxf6 16. Ne5 Qxe2 17. Rxe2 Bd6 18. Bd2 1/2-1/2

[Event "DEN-chB"]
[Site "Hillerod"]
[Date "2010.04.04"]
[Round "6"]
[White "Boje, Tobias Rosholm"]
[Black "Pedersen, Christopher RNH"]
[Result "1/2-1/2"]
[WhiteElo "2015"]
[BlackElo "2098"]
[PlyCount "38"]
[EventDate "2010.03.30"]
[EventType "swiss"]
[EventRounds "7"]
[EventCountry "DEN"]
[SourceTitle "CBM 135 Extra"]
[Source "ChessBase"]
[SourceDate "2010.05.04"]
[SourceVersion "1"]
[SourceVersionDate "2010.05.04"]
[SourceQuality "1"]

1. e4 c5 2. Nc3 d6 3. g3 g6 4. Bg2 Bg7 5. d3 Nc6 6. Be3 f5 7. Nge2 Nf6 8. 0-0 0-0 9. h3 e5 10. f4 Qe7 11. Qd2 exf4 12. Nxf4 fxe4 13. dxe4 Be6 14. Ncd5 Bxd5 15. exd5 Ne5 16. Ne6 Nc4 17. Qe2 Nxe3 18. Qxe3 Nd7 19. c3 Rxf1+ 1/2-1/2

[Event "DEN-chB"]
[Site "Hillerod"]
[Date "2010.04.03"]
[Round "5"]
[White "Rossen, Claus"]
[Black "Boje, Tobias Rosholm"]
[Result "1-0"]
[WhiteElo "2223"]
[BlackElo "2015"]
[PlyCount "63"]
[EventDate "2010.03.30"]
[EventType "swiss"]
[EventRounds "7"]
[EventCountry "DEN"]
[SourceTitle "CBM 135 Extra"]
[Source "ChessBase"]
[SourceDate "2010.05.04"]
[SourceVersion "1"]
[SourceVersionDate "2010.05.04"]
[SourceQuality "1"]

1. e4 c6 2. d4 d5 3. f3 dxe4 4. fxe4 e5 5. Nf3 Bg4 6. Bc4 Nd7 7. 0-0 Ngf6 8. c3 Bd6 9. Bxf7+ Kxf7 10. dxe5 Bxe5 11. Be3 Bxf3 12. Qb3+ Ke8 13. gxf3 Bc7 14. Kh1 Bb6 15. Bg1 Qe7 16. Nd2 Rd8 17. Nc4 Bxg1 18. Rxg1 Nc5 19. Qc2 Qf7 20. e5 Qxc4 21. exf6 g6 22. Rae1+ Kd7 23. Rg4 Qa6 24. Qf2 Ne6 25. Rge4 Nc7 26. Qg3 Kc8 27. Re7 Nd5 28. Rg7 Rhe8 29. f7 Rxe1+ 30. Qxe1 Qd3 31. Qe6+ Kb8 32. Qd6+ 1-0

[Event "DEN-chB"]
[Site "Hillerod"]
[Date "2010.04.01"]
[Round "3"]
[White "Boje, Tobias Rosholm"]
[Black "Furrer, Christian"]
[Result "1-0"]
[WhiteElo "2015"]
[BlackElo "2010"]
[PlyCount "87"]
[EventDate "2010.03.30"]
[EventType "swiss"]
[EventRounds "7"]
[EventCountry "DEN"]
[SourceTitle "CBM 135 Extra"]
[Source "ChessBase"]
[SourceDate "2010.05.04"]
[SourceVersion "1"]
[SourceVersionDate "2010.05.04"]
[SourceQuality "1"]

1. Nf3 Nf6 2. g3 g6 3. Bg2 Bg7 4. 0-0 0-0 5. d3 d5 6. Nbd2 c5 7. e4 Nc6 8. c3 dxe4 9. dxe4 Qc7 10. Qc2 Rd8 11. Nc4 e5 12. Bg5 Be6 13. Ne3 h6 14. Bxf6 Bxf6 15. Rfd1 Ne7 16. Bf1 a6 17. Bc4 Bxc4 18. Nxc4 b5 19. Ne3 Qc6 20. c4 Bg7 21. Nd5 Nxd5 22. cxd5 Qb6 23. b3 Rd6 24. Rac1 Rc8 25. Qd3 Kh7 26. Nh4 h5 27. Rc2 Rf6 28. Rf1 Bf8 29. Kg2 Qd6 30. Nf3 Qc7 31. Qc3 Bd6 32. a4 c4 33. bxc4 bxa4 34. Rfc1 Qe7 35. Qa5 Bc5 36. Qxa4 Rb6 37. Qa1 f6 38. Rb1 Rcb8 39. Rxb6 Rxb6 40. Rb2 Qa7 41. Ra2 g5 42. Qd1 Kg6 43. Qa4 Rb4 44. Qxa6 1-0

[Event "DEN-chB"]
[Site "Hillerod"]
[Date "2010.03.31"]
[Round "2"]
[White "Boje, Tobias Rosholm"]
[Black "Andersen, Rune"]
[Result "0-1"]
[WhiteElo "2015"]
[BlackElo "2170"]
[PlyCount "140"]
[EventDate "2010.03.30"]
[EventType "swiss"]
[EventRounds "7"]
[EventCountry "DEN"]
[SourceTitle "CBM 135 Extra"]
[Source "ChessBase"]
[SourceDate "2010.05.04"]
[SourceVersion "1"]
[SourceVersionDate "2010.05.04"]
[SourceQuality "1"]

1. e4 c5 2. Nc3 Nc6 3. g3 g6 4. Bg2 Bg7 5. d3 d6 6. Be3 e6 7. Qd2 Nd4 8. Nd1 Nf6 9. c3 Nc6 10. Bh6 Bxh6 11. Qxh6 Ne5 12. Qd2 Bd7 13. f4 Nc6 14. Ne3 Qc7 15. Nf3 0-0 16. 0-0 Kg7 17. g4 c4 18. g5 Nh5 19. Nxc4 d5 20. Nce5 f6 21. Nxc6 bxc6 22. gxf6+ Rxf6 23. Ne5 Raf8 24. Nxd7 Qxd7 25. f5 dxe4 26. fxe6 Qxd3 27. Qxd3 exd3 28. Rxf6 Rxf6 29. Rd1 Nf4 30. e7 Kf7 31. Bf1 Rd6 32. Kf2 c5 33. c4 g5 34. Ke3 Ra6 35. Bxd3 Rxa2 36. Rd2 h6 37. Bf5 Kxe7 38. Ke4 Ne6 39. Bxe6 Kxe6 40. h3 Ra4 41. b3 Rb4 42. Ra2 Rxb3 43. Ra6+ Rb6 44. Rxa7 Rd6 45. Ke3 Kf5 46. Rc7 Re6+ 47. Kf3 Re5 48. Rf7+ Ke6 49. Rg7 Rf5+ 50. Ke3 Rf4 51. Rg6+ Ke5 52. Rxh6 Rxc4 53. Rg6 Rc3+ 54. Kd2 Rg3 55. Rh6 Kd4 56. Rg6 Rg2+ 57. Kd1 Kd3 58. Rd6+ Kc3 59. Rg6 c4 60. Rb6 Rd2+ 61. Ke1 Rd5 62. Rh6 Kc2 63. h4 Re5+ 64. Kf2 gxh4 65. Rxh4 c3 66. Rh8 Re4 67. Kf3 Kd3 68. Rc8 Rd4 69. Kf2 Kd2 70. Ra8 c2 0-1

[Event "DEN-ch"]
[Site "Silkeborg"]
[Date "2009.04.09"]
[Round "6"]
[White "Seegert, Kristian"]
[Black "Boje, Tobias Rosholm"]
[Result "1/2-1/2"]
[WhiteElo "2098"]
[BlackElo "2018"]
[PlyCount "67"]
[EventDate "2009.04.04"]
[EventType "swiss"]
[EventRounds "9"]
[EventCountry "DEN"]
[SourceTitle "CBM 129 Extra"]
[Source "ChessBase"]
[SourceDate "2009.05.05"]
[SourceVersion "2"]
[SourceVersionDate "2009.05.20"]
[SourceQuality "1"]

1. e4 e5 2. Nf3 Nc6 3. Bc4 Nf6 4. d4 exd4 5. 0-0 Nxe4 6. Re1 d5 7. Bxd5 Qxd5 8. Nc3 Qa5 9. Nxe4 Be6 10. Neg5 0-0-0 11. Nxe6 fxe6 12. Rxe6 Bd6 13. Bg5 Rde8 14. Qe1 Qxe1+ 15. Raxe1 Kd7 16. Rxe8 Rxe8 17. Rxe8 Kxe8 18. Bd2 h6 19. Kf1 Kf7 20. Ke2 Ke6 21. Kd3 Kd5 22. Nxd4 Nxd4 23. c4+ Ke6 24. Kxd4 Be5+ 25. Ke4 Bxb2 26. g4 b6 27. h4 a6 28. a4 c6 29. h5 b5 30. axb5 axb5 31. cxb5 cxb5 32. Bb4 Be5 33. f4 Bb2 34. g5 1/2-1/2

[Event "Politiken Cup 30th"]
[Site "Helsingor"]
[Date "2008.07.25"]
[Round "8"]
[White "Kristensen, Kjell Ole"]
[Black "Boje, Tobias Rosholm"]
[Result "0-1"]
[WhiteElo "2159"]
[BlackElo "1979"]
[PlyCount "88"]
[EventDate "2008.07.19"]
[EventType "swiss"]
[EventRounds "10"]
[EventCountry "DEN"]
[SourceTitle "CBM 125 Extra"]
[Source "ChessBase"]
[SourceDate "2008.09.01"]
[SourceVersion "1"]
[SourceVersionDate "2008.09.01"]
[SourceQuality "1"]

1. e4 c6 2. Ne2 d5 3. e5 c5 4. Ng3 Nc6 5. Bb5 Qb6 6. Nc3 e6 7. 0-0 Bd7 8. Qe2 0-0-0 9. Bxc6 Bxc6 10. a4 Ne7 11. Qf3 Be8 12. Re1 Ng6 13. d3 Be7 14. Nh5 Nh4 15. Qh3 Nf5 16. Nf4 g6 17. a5 Qc7 18. Bd2 h5 19. a6 b6 20. g4 Nd4 21. g5 Kb8 22. Rac1 Bc6 23. Nfe2 Nf5 24. f4 Rd7 25. Ra1 Rhd8 26. Reb1 d4 27. Nd1 Ba8 28. Nf2 Qc6 29. b4 cxb4 30. Ra2 Ne3 31. Nxd4 Rxd4 32. Bxe3 R4d7 33. Ne4 Qc7 34. Qf3 Bd5 35. Rab2 Qc6 36. Bf2 Bxe4 37. Qxe4 Qxe4 38. dxe4 Rd2 39. Kf1 Kc7 40. Re1 Bc5 41. Bxc5 bxc5 42. Reb1 Rxh2 43. c3 Rxb2 44. Rxb2 bxc3 0-1

[Event "Politiken Cup 30th"]
[Site "Helsingor"]
[Date "2008.07.24"]
[Round "7"]
[White "Boje, Tobias Rosholm"]
[Black "Nguyen, Michael"]
[Result "0-1"]
[WhiteElo "1979"]
[BlackElo "2174"]
[PlyCount "90"]
[EventDate "2008.07.19"]
[EventType "swiss"]
[EventRounds "10"]
[EventCountry "DEN"]
[SourceTitle "CBM 125 Extra"]
[Source "ChessBase"]
[SourceDate "2008.09.01"]
[SourceVersion "1"]
[SourceVersionDate "2008.09.01"]
[SourceQuality "1"]

1. e4 c5 2. Nc3 Nc6 3. g3 g6 4. Bg2 Bg7 5. d3 d6 6. Be3 Rb8 7. Qd2 b5 8. Nge2 b4 9. Nd1 Nd4 10. 0-0 e5 11. f4 Ne7 12. c3 Nxe2+ 13. Qxe2 bxc3 14. bxc3 exf4 15. Bxf4 0-0 16. Qd2 Be6 17. Bh6 d5 18. Bxg7 Kxg7 19. e5 d4 20. c4 Qc7 21. Qf4 Nc6 22. Re1 Nb4 23. Qd2 Bf5 24. Nf2 Rfe8 25. a3 Nc6 26. Bxc6 Qxc6 27. g4 Bd7 28. Qf4 Rb3 29. h4 Qe6 30. Re2 Bc6 31. Kh2 Ba8 32. a4 Qc6 33. Qf6+ Kg8 34. Ne4 Qd7 35. Nd6 Re6 36. Qg5 f6 37. Qh6 Rxe5 38. Rxe5 Qxd6 39. Rae1 fxe5 40. Rf1 Rb2+ 41. Kg3 Bg2 42. Rf2 Rxf2 43. Kxf2 Bc6 44. Qc1 Qf6+ 45. Ke1 Qxh4+ 0-1

[Event "Gausdal op-B"]
[Site "Gausdal"]
[Date "2008.04.15"]
[Round "8"]
[White "Bjornes, Leif"]
[Black "Boje, Tobias Rosholm"]
[Result "1-0"]
[WhiteElo "1916"]
[BlackElo "1961"]
[PlyCount "151"]
[EventDate "2008.04.08"]
[EventType "swiss"]
[EventRounds "9"]
[EventCountry "NOR"]
[SourceTitle "CBM 123 Extra"]
[Source "ChessBase"]
[SourceDate "2008.05.06"]
[SourceVersion "1"]
[SourceVersionDate "2008.05.06"]
[SourceQuality "1"]

1. d4 d5 2. c4 e6 3. Nc3 Be7 4. Nf3 Nf6 5. Bg5 Nbd7 6. e3 0-0 7. Qc2 a6 8. cxd5 exd5 9. Bd3 c6 10. 0-0 Re8 11. h3 Nf8 12. Ne5 Ng6 13. Nxg6 hxg6 14. Bf4 Bd6 15. Bxd6 Qxd6 16. Rac1 g5 17. Bf5 g6 18. Bxc8 Raxc8 19. Qd1 Kg7 20. Qf3 Re7 21. Rfd1 Rh8 22. g4 Ree8 23. Kg2 Qe6 24. b4 Qd6 25. a3 Rh4 26. Rh1 Reh8 27. Qg3 Qd7 28. f3 Re8 29. Rhe1 Rhh8 30. Na4 Re7 31. Nc5 Qc8 32. Nd3 Rhe8 33. Kf2 Nd7 34. Rc2 Nb6 35. Nb2 Qe6 36. Rce2 Qf6 37. Rc2 Nc8 38. Rce2 Nd6 39. Kg2 Nb5 40. Qf2 Nxa3 41. Nd3 Nc4 42. Nc5 Nd6 43. Qg3 Nb5 44. Qf2 Qd6 45. Nd3 f6 46. f4 gxf4 47. Nxf4 Nc3 48. Rb2 Ne4 49. Qf3 Ng5 50. Qg3 Ne6 51. Nh5+ gxh5 52. Qxd6 Ng5 53. gxh5 Kf7 54. Qf4 Rg8 55. Kh2 Re4 56. Qf5 Rh4 57. Rf1 Rxh5 58. Rg2 Ke8 59. Qc8+ Kf7 60. Qd7+ Kg6 61. Qf5+ Kf7 62. Rxg5 Rhxg5 63. Qxf6+ Ke8 64. Qe6+ Kd8 65. Qd6+ Ke8 66. Qb8+ Ke7 67. Qxb7+ Kd8 68. Qb8+ Ke7 69. Qc7+ Ke8 70. Qxc6+ Ke7 71. Rf2 Kd8 72. Qxa6 R5g7 73. Qd6+ Ke8 74. Ra2 Kf7 75. Ra7+ Ke8 76. Qb8# 1-0

[Event "EU-ch U16 17th"]
[Site "Sibenik"]
[Date "2007.09.19"]
[Round "6"]
[White "Moltsanov, Ivan"]
[Black "Boje, Tobias Rosholm"]
[Result "1-0"]
[WhiteElo "2003"]
[BlackElo "1931"]
[PlyCount "107"]
[EventDate "2007.09.14"]
[EventType "swiss"]
[EventRounds "9"]
[EventCountry "CRO"]
[SourceTitle "CBM 120 Extra"]
[Source "ChessBase"]
[SourceDate "2007.11.01"]
[SourceVersion "1"]
[SourceVersionDate "2007.11.01"]
[SourceQuality "1"]

1. e4 e5 2. Nf3 Nc6 3. d4 exd4 4. c3 d5 5. exd5 Qxd5 6. cxd4 Bg4 7. Be2 Bb4+ 8. Nc3 Bxf3 9. Bxf3 Qc4 10. Bxc6+ bxc6 11. Qe2+ Qxe2+ 12. Kxe2 0-0-0 13. a3 Ba5 14. Be3 Ne7 15. Rhd1 Nf5 16. g4 Nxe3 17. fxe3 Rhe8 18. b4 Bb6 19. Kf3 Rd6 20. Rd3 Rh6 21. Kg3 Rhe6 22. e4 Rd6 23. Rad1 Red8 24. Ne2 f6 25. Kf3 c5 26. d5 cxb4 27. axb4 Re8 28. Nf4 Re7 29. Rc3 Red7 30. Rc4 g6 31. Rdc1 Rf7 32. Rd1 Re7 33. Re1 Re5 34. Nd3 Re7 35. Nc5 Bxc5 36. Rxc5 Rb6 37. Rb1 Kd7 38. Kf4 g5+ 39. Ke3 Ra6 40. Rbc1 Ra3+ 41. Kd4 Kd8 42. Rf1 Ra2 43. Rxf6 Rd2+ 44. Ke3 Rxh2 45. Rf5 Rb2 46. Rb5 Kd7 47. e5 Rb1 48. e6+ Kd6 49. Rc5 Rb3+ 50. Kd2 Re8 51. Rc6+ Ke7 52. Rxc7+ Kd8 53. Rff7 Rb2+ 54. Kc3 1-0

[Event "EU-ch U16 17th"]
[Site "Sibenik"]
[Date "2007.09.18"]
[Round "5"]
[White "Boje, Tobias Rosholm"]
[Black "Jefic, Srdjan"]
[Result "0-1"]
[WhiteElo "1931"]
[BlackElo "2103"]
[PlyCount "112"]
[EventDate "2007.09.14"]
[EventType "swiss"]
[EventRounds "9"]
[EventCountry "CRO"]
[SourceTitle "CBM 120 Extra"]
[Source "ChessBase"]
[SourceDate "2007.11.01"]
[SourceVersion "1"]
[SourceVersionDate "2007.11.01"]
[SourceQuality "1"]

1. e4 c5 2. Nc3 e6 3. g3 d5 4. exd5 exd5 5. Bg2 Nf6 6. d3 Be7 7. Nge2 d4 8. Ne4 Nbd7 9. 0-0 0-0 10. Re1 Nxe4 11. Bxe4 Nf6 12. Bg2 Rb8 13. Bf4 Bd6 14. Bxd6 Qxd6 15. Qd2 b5 16. Qa5 Bb7 17. Bxb7 Rxb7 18. Nf4 g5 19. Ng2 Nd5 20. Qd2 f6 21. Re2 Re7 22. Rxe7 Nxe7 23. Re1 Ng6 24. Qe2 Kf7 25. Qe4 Qd7 26. f4 f5 27. Qf3 g4 28. Qe2 Re8 29. Qd2 Rxe1+ 30. Qxe1 b4 31. b3 Qe6 32. Qxe6+ Kxe6 33. Nh4 Ne7 34. h3 h5 35. hxg4 hxg4 36. Kf2 Kf6 37. Ke2 Nd5 38. Kd2 Nc3 39. Ng2 Nxa2 40. Nh4 Nc3 41. Ng2 Nd5 42. Ke2 Nc3+ 43. Kd2 a5 44. Nh4 Nd5 45. Ng2 Ke6 46. Ke2 Kd6 47. Kd2 Kc6 48. Nh4 Ne3 49. Kc1 Kb5 50. Kb2 a4 51. bxa4+ Kxa4 52. Ka2 Nxc2 53. Nxf5 Ne1 54. Nh6 Nxd3 55. f5 b3+ 56. Kb1 c4 0-1

[Event "Baltic Sea Cup"]
[Site "Ronne"]
[Date "2007.08.03"]
[Round "6.33"]
[White "Boje, Tobias Rosholm"]
[Black "Skjoldager, Nicklas"]
[Result "1/2-1/2"]
[WhiteElo "1931"]
[BlackElo "2077"]
[PlyCount "73"]
[EventDate "2007.07.30"]
[EventType "swiss"]
[EventRounds "9"]
[EventCountry "DEN"]
[SourceTitle "EXT 2023"]
[Source "ChessBase"]
[SourceDate "2022.10.05"]
[SourceVersion "1"]
[SourceVersionDate "2022.10.05"]
[SourceQuality "1"]

1. e4 c5 2. Nc3 Nc6 3. g3 g6 4. Bg2 Bg7 5. d3 d6 6. Be3 Nf6 7. h3 a6 8. Qd2 h5 9. Nge2 Qc7 10. f4 e6 11. 0-0 b5 12. Rae1 b4 13. Nd1 Bb7 14. f5 gxf5 15. exf5 e5 16. Bg5 Ne7 17. c3 Bxg2 18. Kxg2 bxc3 19. bxc3 Rb8 20. Bxf6 Bxf6 21. d4 Qb7+ 22. Kg1 cxd4 23. cxd4 Qb4 24. Qxb4 Rxb4 25. dxe5 Bxe5 26. Ndc3 Rg8 27. Rf3 Kd7 28. Rc1 Rc8 29. Rff1 Rb2 30. a4 Rb3 31. f6 Nc6 32. Nd5 Bxg3 33. Nxg3 Rxg3+ 34. Kh2 Rb3 35. Rf5 Rg8 36. Rxc6 Rb2+ 37. Kh1 1/2-1/2

[Event "Baltic Sea Cup"]
[Site "Ronne"]
[Date "2007.07.30"]
[Round "1.30"]
[White "Hagen, Andreas Skytte"]
[Black "Boje, Tobias Rosholm"]
[Result "1-0"]
[WhiteElo "2256"]
[BlackElo "1931"]
[PlyCount "119"]
[EventDate "2007.07.30"]
[EventType "swiss"]
[EventRounds "9"]
[EventCountry "DEN"]
[SourceTitle "EXT 2023"]
[Source "ChessBase"]
[SourceDate "2022.10.05"]
[SourceVersion "1"]
[SourceVersionDate "2022.10.05"]
[SourceQuality "1"]

1. Nf3 d5 2. d4 Nf6 3. c4 e6 4. Nc3 Nbd7 5. Bg5 Be7 6. e3 0-0 7. Rc1 a6 8. cxd5 exd5 9. Bd3 c6 10. 0-0 Re8 11. h3 Ne4 12. Bxe7 Qxe7 13. Bxe4 dxe4 14. Nd2 Nf6 15. Qb3 Be6 16. Qb6 Nd5 17. Nxd5 Bxd5 18. Nc4 Bxc4 19. Rxc4 Rad8 20. Rc5 f6 21. Rfc1 Rd7 22. R1c3 Qe6 23. Rb3 Ree7 24. Qa5 Kf7 25. Rbc3 Rd6 26. b3 Red7 27. Qb4 Qe7 28. Qb6 Rd5 29. b4 Rxc5 30. bxc5 Qe6 31. Qb2 Ke8 32. Rb3 Qf7 33. Qe2 f5 34. f4 Kd8 35. Qd2 g6 36. Qa5+ Ke8 37. Qb6 Kf8 38. Qa7 Kg7 39. Qb8 Rc7 40. Kh2 Qe7 41. Rb2 Qf7 42. Kg1 Qe7 43. Kf1 Qf7 44. Ke1 Re7 45. Kf2 Rc7 46. Kg3 Re7 47. Kh2 Rc7 48. g4 fxg4 49. hxg4 Re7 50. Kg3 h6 51. Qd6 Kh7 52. Rh2 Re6 53. Qd8 Re7 54. Rd2 Kg7 55. Rf2 Re6 56. Qb8 Re8 57. Qd6 Re6 58. Qd8 Rf6 59. Rh2 Kh7 60. Rxh6+ 1-0

[Event "North Sea Cup 22nd"]
[Site "Esbjerg"]
[Date "2007.07.16"]
[Round "6"]
[White "Jensen, Leif Haugaard"]
[Black "Boje, Tobias Rosholm"]
[Result "0-1"]
[WhiteElo "2113"]
[BlackElo "1931"]
[PlyCount "72"]
[EventDate "2007.07.13"]
[EventType "swiss"]
[EventRounds "10"]
[EventCountry "DEN"]
[SourceTitle "CBM 119 Extra"]
[Source "ChessBase"]
[SourceDate "2007.09.04"]
[SourceVersion "1"]
[SourceVersionDate "2007.09.04"]
[SourceQuality "1"]

1. e4 e5 2. Nc3 Nf6 3. f4 d5 4. fxe5 Nxe4 5. Nf3 Be7 6. d4 0-0 7. Bd3 Nxc3 8. bxc3 c5 9. 0-0 c4 10. Be2 Qa5 11. Qe1 Nc6 12. Bg5 h6 13. Bxe7 Nxe7 14. h3 Nf5 15. Qd2 Ng3 16. Rfb1 Ne4 17. Qe1 Qxc3 18. Rb5 Rd8 19. Kh2 b6 20. Qh4 Ba6 21. Rbb1 Qxc2 22. Bf1 Nd2 23. Nxd2 Qxd2 24. Rd1 Qg5 25. Qf2 Bb7 26. g3 b5 27. h4 Qe7 28. Bh3 Bc8 29. Bg2 Be6 30. Rf1 b4 31. Qe3 a5 32. Rf2 a4 33. Raf1 b3 34. Rf6 b2 35. Rxh6 gxh6 36. Qxh6 Qf8 0-1

[Event "North Sea Cup 22nd"]
[Site "Esbjerg"]
[Date "2007.07.13"]
[Round "1"]
[White "Boje, Tobias Rosholm"]
[Black "Weindl, Alfred"]
[Result "0-1"]
[WhiteElo "1931"]
[BlackElo "2361"]
[PlyCount "100"]
[EventDate "2007.07.13"]
[EventType "swiss"]
[EventRounds "10"]
[EventCountry "DEN"]
[SourceTitle "CBM 119 Extra"]
[Source "ChessBase"]
[SourceDate "2007.09.04"]
[SourceVersion "1"]
[SourceVersionDate "2007.09.04"]
[SourceQuality "1"]

1. e4 c5 2. Nc3 Nc6 3. g3 g6 4. Bg2 Bg7 5. d3 d6 6. Be3 e6 7. Qd2 Nd4 8. Nd1 Bd7 9. c3 Nc6 10. Ne2 Ne5 11. h3 c4 12. d4 Nd3+ 13. Kf1 b5 14. Nf4 Nxf4 15. Bxf4 Qc7 16. Kg1 h6 17. Kh2 Ne7 18. Re1 Rc8 19. Rc1 g5 20. Be3 Ng6 21. f4 gxf4 22. Bxf4 Nxf4 23. Qxf4 e5 24. Qf2 exd4 25. cxd4 Qb6 26. Rf1 0-0 27. d5 Qxf2 28. Rxf2 f5 29. Rcc2 Bd4 30. Rfd2 Be5 31. Rf2 Rf7 32. Nc3 f4 33. gxf4 Bxf4+ 34. Kh1 Rcf8 35. Ne2 Be5 36. Rxf7 Rxf7 37. Ng1 Rf4 38. Nf3 Rxe4 39. Nxe5 Rxe5 40. Rf2 Bf5 41. Rf4 Kg7 42. Kg1 Bb1 43. a4 a6 44. axb5 axb5 45. Kf2 Bd3 46. Bf3 b4 47. Rd4 b3 48. Bd1 Re4 49. Rxe4 Bxe4 50. Ke3 c3 0-1